ACFA 2018: Global Versus Local Perspectives on Finance and Accounting Proceedings from the 19th Annual Conference on Finance and Accounting (ACFA 2018), 25.5.2018, (Prague, Czech Republic)
Gespeichert in:
| Körperschaften: | , |
|---|---|
| Weitere Verfasser: | |
| Format: | Buch |
| Sprache: | Englisch |
| Veröffentlicht: |
Cham
Springer International Publishing AG/Springer Nature
2019
|
| Schriftenreihe: | Springer Proceedings in Business and Economics
|
| Schlagworte: | |
| Tags: |
Keine Tags, Fügen Sie das erste Tag hinzu!
|
MARC
| LEADER | 00000nlm a2200000 4500 | ||
|---|---|---|---|
| 001 | 0252200 | ||
| 005 | 20240514063738.6 | ||
| 020 | |a 978-3-030-11850-1 | ||
| 020 | |a 978-3-030-11851-8 | ||
| 022 | |a 2198-7246 | ||
| 022 | |a 2198-7254 | ||
| 041 | 0 | |a eng | |
| 044 | |a CH | ||
| 245 | 1 | 0 | |a ACFA 2018: Global Versus Local Perspectives on Finance and Accounting |b Proceedings from the 19th Annual Conference on Finance and Accounting (ACFA 2018), 25.5.2018, (Prague, Czech Republic) |c Editor: David Procházka |
| 264 | 1 | |a Cham |b Springer International Publishing AG/Springer Nature |c 2019 | |
| 300 | |a online 397 s. | ||
| 490 | 1 | |a Springer Proceedings in Business and Economics | |
| 830 | 0 | |a Springer Proceedings in Business and Economics | |
| 610 | 2 | 0 | |a veda ekonomická |
| 610 | 2 | 0 | |a financie |
| 610 | 2 | 0 | |a účtovníctvo |
| 610 | 2 | 0 | |a zdroje finančné |
| 610 | 2 | 0 | |a riadenie finančné |
| 610 | 2 | 0 | |a rozvoj hospodársky |
| 610 | 2 | 0 | |a globalizácia |
| 610 | 2 | 0 | |a regióny |
| 610 | 2 | 0 | |a financie verejné |
| 610 | 2 | 0 | |a financie podnikové |
| 610 | 2 | 0 | |a dane |
| 610 | 2 | 0 | |a teória peňažná |
| 610 | 2 | 0 | |a vzdelanie ekonomické |
| 610 | 2 | 0 | |a účtovníctvo finančné |
| 700 | 1 | |a Procházka, David | |
| 110 | 2 | |a ACFA 2018: Global Versus Local Perspectives on Finance and Accounting. International Conference | |
| 710 | 2 | |a Vysoká škola ekonomická v Praze. Fakulta financí a účetnictví | |